[Event "Dimitrovgrad-ch"]
[Site "Dimitrovgrad"]
[Date "2013.02.24"]
[Round "6"]
[White "Skulkin, Nikolay"]
[Black "Sychov, Vladimir"]
[Result "1-0"]
[WhiteElo "1786"]
[BlackElo "1536"]
[PlyCount "83"]
[EventDate "2013.02.16"]
[EventType "swiss"]
[EventRounds "9"]
[EventCountry "RUS"]
[SourceTitle "CBM 153 Extra"]
[Source "ChessBase"]
[SourceDate "2013.04.22"]
[SourceVersion "1"]
[SourceVersionDate "2013.04.22"]
[SourceQuality "1"]

1. e4 Nc6 2. d4 e6 3. d5 exd5 4. exd5 Qe7+ 5. Be2 Ne5 6. f4 Ng6 7. Nf3 Qd6 8. g3 Be7 9. 0-0 Nf6 10. Nc3 a6 11. Kg2 b5 12. Qd4 Bb7 13. f5 Nf8 14. Bf4 Qb6 15. Qxb6 cxb6 16. d6 Bd8 17. Rae1 b4 18. Bxa6+ Ne6 19. Bxb7 Rb8 20. fxe6 fxe6 21. Be4 bxc3 22. bxc3 0-0 23. Bd3 Nd5 24. Be5 Bf6 25. Bb5 Rfd8 26. c4 Nb4 27. Ba4 Nxa2 28. Bb3 Nb4 29. Rd1 Nc6 30. Rfe1 Rbc8 31. h4 h6 32. g4 Rf8 33. Kg3 Ra8 34. Bxf6 gxf6 35. Nd4 Na5 36. Ba2 Rac8 37. Nxe6 dxe6 38. Rxe6 Rc6 39. Re7 Nxc4 40. d7 b5 41. d8Q Rc8 42. Qd7 1-0

[Event "Dimitrovgrad-ch"]
[Site "Dimitrovgrad"]
[Date "2013.02.17"]
[Round "3"]
[White "Sychov, Vladimir"]
[Black "Podbornova, Klavdiya"]
[Result "1-0"]
[WhiteElo "1536"]
[BlackElo "1443"]
[PlyCount "69"]
[EventDate "2013.02.16"]
[EventType "swiss"]
[EventRounds "9"]
[EventCountry "RUS"]
[SourceTitle "CBM 153 Extra"]
[Source "ChessBase"]
[SourceDate "2013.04.22"]
[SourceVersion "1"]
[SourceVersionDate "2013.04.22"]
[SourceQuality "1"]

1. e4 e5 2. d3 Bc5 3. Nf3 Nc6 4. Bd2 d6 5. Nc3 Bg4 6. Be2 Nf6 7. 0-0 0-0 8. h3 Bh5 9. a3 d5 10. Bg5 Be7 11. Bxf6 d4 12. Bxe7 Qxe7 13. Nd5 Qd6 14. Nh2 Bxe2 15. Qxe2 Nd8 16. Nb4 a5 17. Na2 c5 18. c3 b5 19. Rab1 Qe6 20. b4 axb4 21. cxb4 cxb4 22. Nxb4 Rxa3 23. Nd5 f5 24. Rxb5 f4 25. f3 h5 26. Rfb1 Ra7 27. Nf1 g5 28. Qc2 g4 29. Qc5 gxh3 30. Qxa7 Rf7 31. Qb6 Nc6 32. R1b2 Rg7 33. Rc5 Rxg2+ 34. Rxg2+ hxg2 35. Nh2 1-0

[Event "Dimitrovgrad Petrosian Memorial op"]
[Site "Dimitrovgrad"]
[Date "2011.06.25"]
[Round "4"]
[White "Tarasov, Alexandr"]
[Black "Sychov, Vladimir"]
[Result "1-0"]
[WhiteElo "1748"]
[BlackElo "1543"]
[PlyCount "67"]
[EventDate "2011.06.18"]
[EventType "swiss"]
[EventRounds "9"]
[EventCountry "RUS"]
[SourceTitle "EXT 2012"]
[Source "ChessBase"]
[SourceDate "2011.11.24"]
[SourceVersion "1"]
[SourceVersionDate "2011.11.24"]
[SourceQuality "1"]

1. e4 c6 2. Nf3 d6 3. d4 Bg4 4. h3 Bxf3 5. Qxf3 h6 6. Bc4 e6 7. 0-0 Qf6 8. Qb3 Qe7 9. a4 b6 10. d5 e5 11. Be3 c5 12. Bb5+ Kd8 13. a5 bxa5 14. Rxa5 Qc7 15. Ra1 Nf6 16. Bd2 a5 17. Nc3 Nfd7 18. f4 f6 19. fxe5 Nxe5 20. Ne2 Ke7 21. Nf4 c4 22. Qa4 Qc5+ 23. Kh1 Qd4 24. Bc3 Qxe4 25. Bxe5 fxe5 26. Rae1 Qh7 27. Bc6 Ra7 28. Qb5 Nd7 29. Bxd7 Rxd7 30. Ne6 Rg8 31. Rxf8 Qh8 32. Ref1 Rxf8 33. Nxf8 Ra7 34. Ng6+ 1-0

[Event "Dimitrovgrad Petrosian Memorial op"]
[Site "Dimitrovgrad"]
[Date "2010.06.20"]
[Round "7"]
[White "Akimov, Gennadiy"]
[Black "Sychov, Vladimir"]
[Result "1-0"]
[WhiteElo "1977"]
[BlackElo "1560"]
[PlyCount "45"]
[EventDate "2010.06.12"]
[EventType "swiss"]
[EventRounds "9"]
[EventCountry "RUS"]
[SourceTitle "CBM 137 Extra"]
[Source "ChessBase"]
[SourceDate "2010.09.01"]
[SourceVersion "1"]
[SourceVersionDate "2010.09.01"]
[SourceQuality "1"]

1. e4 Nc6 2. d4 e6 3. f4 a6 4. Nf3 Be7 5. c4 d6 6. Nc3 Nf6 7. Bd3 0-0 8. Be3 Ne8 9. Qd2 Bd7 10. 0-0 f5 11. Ng5 h6 12. Nxe6 Bxe6 13. d5 Bd7 14. dxc6 bxc6 15. Rae1 g6 16. g4 Ng7 17. Kh1 fxg4 18. f5 g5 19. Rg1 h5 20. Rg2 Bf6 21. Reg1 Be8 22. Rg3 Kh7 23. h3 1-0

[Event "Dimitrovgrad-ch op"]
[Site "Dimitrovgrad"]
[Date "2010.02.28"]
[Round "2"]
[White "Podbornova, Klavdiya"]
[Black "Sychov, Vladimir"]
[Result "1-0"]
[WhiteElo "1475"]
[BlackElo "1565"]
[PlyCount "77"]
[EventDate "2010.02.27"]
[EventType "swiss"]
[EventRounds "9"]
[EventCountry "RUS"]
[SourceTitle "EXT 2022"]
[Source "ChessBase"]
[SourceDate "2021.10.06"]
[SourceVersion "1"]
[SourceVersionDate "2021.10.06"]
[SourceQuality "1"]

1. e4 e6 2. Nf3 Be7 3. Nc3 c6 4. d4 d6 5. Bc4 Nd7 6. Bf4 h6 7. d5 e5 8. Be3 c5 9. a3 a6 10. b4 b5 11. Nxb5 axb5 12. Bxb5 Qc7 13. Qd3 Ngf6 14. 0-0 0-0 15. Nh4 Nb6 16. c4 Nh7 17. Nf5 Bxf5 18. exf5 Bf6 19. Rae1 Rfc8 20. Bc6 Rab8 21. bxc5 dxc5 22. Bxc5 Nd7 23. Bxd7 Qxd7 24. Bb4 Ng5 25. f3 Re8 26. c5 Bd8 27. c6 Qa7+ 28. Kh1 f6 29. d6 Ba5 30. Qd5+ Nf7 31. Bxa5 Ra8 32. Bb4 Qa6 33. d7 Reb8 34. Rc1 Rb5 35. Qe6 Rbb8 36. c7 Qxe6 37. fxe6 Nd8 38. cxd8Q+ Rxd8 39. Rc8 1-0

[Event "Dimitrovgrad-ch op"]
[Site "Dimitrovgrad"]
[Date "2010.02.27"]
[Round "1"]
[White "Sychov, Vladimir"]
[Black "Rudnev, Yuri"]
[Result "0-1"]
[WhiteElo "1565"]
[BlackElo "2175"]
[PlyCount "80"]
[EventDate "2010.02.27"]
[EventType "swiss"]
[EventRounds "9"]
[EventCountry "RUS"]
[SourceTitle "EXT 2022"]
[Source "ChessBase"]
[SourceDate "2021.10.06"]
[SourceVersion "1"]
[SourceVersionDate "2021.10.06"]
[SourceQuality "1"]

1. d3 d5 2. Bd2 e5 3. e3 Nf6 4. Be2 Bd6 5. h3 0-0 6. Nf3 c5 7. 0-0 Nc6 8. Ne1 Qe7 9. a3 e4 10. c4 d4 11. a4 dxe3 12. fxe3 Qe5 13. Rf4 Qg5 14. Nc3 Bxf4 15. exf4 Qg6 16. g4 Nd4 17. Be3 Rd8 18. Bxd4 cxd4 19. Nb5 a6 20. Na3 Qh6 21. g5 Qg6 22. Kh2 Ne8 23. c5 Qf5 24. Ng2 Qxh3+ 25. Kg1 Bf5 26. Nc4 Nc7 27. Ra3 exd3 28. Bxd3 Bxd3 29. Rxd3 Qf5 30. b4 Ne6 31. Nd6 Qd5 32. Qd2 g6 33. Nh4 b6 34. Nf3 bxc5 35. bxc5 Nxc5 36. Rxd4 Qxf3 37. Qa2 Rxd6 38. Rxd6 Re8 39. Qf2 Qxf2+ 40. Kxf2 Ne4+ 0-1

[Event "Dimitrovgrad Petrosian Memorial op"]
[Site "Dimitrovgrad"]
[Date "2009.06.22"]
[Round "5"]
[White "Sychov, Vladimir"]
[Black "Leontiev, Ilja"]
[Result "0-1"]
[WhiteElo "1627"]
[BlackElo "1652"]
[PlyCount "136"]
[EventDate "2009.06.17"]
[EventType "swiss"]
[EventRounds "9"]
[EventCountry "RUS"]
[SourceTitle "CBM 131 Extra"]
[Source "ChessBase"]
[SourceDate "2009.09.03"]
[SourceVersion "2"]
[SourceVersionDate "2009.09.16"]
[SourceQuality "1"]

1. e4 c5 2. d3 e6 3. Nf3 Nc6 4. Bd2 d6 5. Be2 Nf6 6. 0-0 Qb6 7. b3 Be7 8. Na3 0-0 9. Nc4 Qc7 10. Bc3 e5 11. Ne1 d5 12. Nd2 Rd8 13. Qc1 d4 14. Bb2 b5 15. a3 Be6 16. h3 Qd7 17. g4 h5 18. g5 Nh7 19. h4 Bh3 20. Ng2 Nxg5 21. hxg5 Bxg5 22. Qd1 g6 23. Nf3 Qe7 24. Bc1 Bf6 25. Kh2 Bd7 26. Ng1 Kg7 27. f4 Rh8 28. Nf3 Bg4 29. Rb1 Rad8 30. Kg1 Rd7 31. fxe5 Bxe5 32. Nxe5 Nxe5 33. Bf4 Bxe2 34. Qxe2 Ng4 35. Rbe1 f6 36. e5 f5 37. e6 Rdd8 38. Be5+ Nxe5 39. Qxe5+ Kh7 40. Qf4 Kg7 41. Kf2 g5 42. Qe5+ Kg6 43. Rg1 Kh6 44. Rh1 Kg6 45. Reg1 Kh6 46. Ke2 Rde8 47. Qxf5 Qxe6+ 48. Qxe6+ Rxe6+ 49. Kd2 Rf8 50. Rf1 Ref6 51. Rxf6+ Rxf6 52. Ke2 g4 53. Rf1 Re6+ 54. Kf2 Kg5 55. Re1 Rf6+ 56. Kg1 g3 57. Rf1 Re6 58. Re1 Rxe1+ 59. Nxe1 Kg4 60. Kg2 h4 61. Kg1 h3 62. Kh1 Kf4 63. Kg1 Ke3 64. Kh1 g2+ 65. Nxg2+ hxg2+ 66. Kxg2 Kd2 67. Kf1 Kxc2 68. a4 Kxd3 0-1

[Event "Dimitrovgrad Petrosian Memorial op"]
[Site "Dimitrovgrad"]
[Date "2009.06.21"]
[Round "4"]
[White "Umanski, Anatoli"]
[Black "Sychov, Vladimir"]
[Result "1-0"]
[WhiteElo "1837"]
[BlackElo "1627"]
[PlyCount "119"]
[EventDate "2009.06.17"]
[EventType "swiss"]
[EventRounds "9"]
[EventCountry "RUS"]
[SourceTitle "CBM 131 Extra"]
[Source "ChessBase"]
[SourceDate "2009.09.03"]
[SourceVersion "2"]
[SourceVersionDate "2009.09.16"]
[SourceQuality "1"]

1. e4 e5 2. Nf3 d6 3. Bc4 h6 4. d4 exd4 5. Nxd4 c6 6. 0-0 Nf6 7. Re1 Be7 8. e5 dxe5 9. Rxe5 0-0 10. c3 Nbd7 11. Re1 Nb6 12. Bb3 Bc5 13. Be3 Bxd4 14. cxd4 Bg4 15. f3 Bf5 16. Nc3 Nfd5 17. Bf2 Nxc3 18. bxc3 Nd5 19. c4 Nb4 20. Qd2 c5 21. Re5 Bg6 22. Rxc5 Nd3 23. Rd5 Qf6 24. Bg3 a5 25. Bc2 Nb4 26. Be5 Qa6 27. Bxg6 Nxd5 28. Bxf7+ Rxf7 29. cxd5 Rc8 30. d6 Qb5 31. h3 a4 32. Qe1 Qd5 33. f4 Rcf8 34. Qc1 b5 35. Qb2 Rc8 36. Rb1 Rb7 37. Qf2 Qc4 38. Qg3 Qc3 39. Qg4 Qc6 40. Qe6+ Rf7 41. Re1 Re8 42. Qg4 Qd7 43. Qg3 Qe6 44. a3 Qb3 45. Re3 Qb1+ 46. Kh2 Qf5 47. Qh4 Rd7 48. Rg3 Kh7 49. Rg5 Qe6 50. f5 Qg8 51. Qh5 Rf8 52. Qg6+ Kh8 53. Rh5 Qh7 54. Rxh6 Qxh6 55. Qxh6+ Kg8 56. Qe6+ Rdf7 57. g4 Kh7 58. h4 Ra7 59. d7 Ra6 60. Qxa6 1-0

[Event "Dimitrovgrad Petrosian Memorial op"]
[Site "Dimitrovgrad"]
[Date "2009.06.18"]
[Round "2"]
[White "Yakimkin, Igor"]
[Black "Sychov, Vladimir"]
[Result "1-0"]
[WhiteElo "2172"]
[BlackElo "1627"]
[PlyCount "87"]
[EventDate "2009.06.17"]
[EventType "swiss"]
[EventRounds "9"]
[EventCountry "RUS"]
[SourceTitle "CBM 131 Extra"]
[Source "ChessBase"]
[SourceDate "2009.09.03"]
[SourceVersion "2"]
[SourceVersionDate "2009.09.16"]
[SourceQuality "1"]

1. e4 e6 2. d4 Be7 3. Bd3 c6 4. Nf3 d6 5. Bf4 Nf6 6. c3 0-0 7. Qc2 Nbd7 8. Nbd2 Kh8 9. 0-0-0 Ng8 10. h4 g6 11. Kb1 f5 12. exf5 exf5 13. Rde1 Ndf6 14. Nf1 Ng4 15. Qd2 Bf6 16. h5 g5 17. Nxg5 Bxg5 18. Bxg5 Qc7 19. h6 Qf7 20. f3 N4f6 21. Ne3 Nd5 22. Nxd5 cxd5 23. Qf4 Qg6 24. Bh4 Bd7 25. Qg5 Qxh6 26. Qxh6 Nxh6 27. Be7 Kg7 28. Bxf8+ Rxf8 29. Rh2 Nf7 30. g4 Ng5 31. gxf5 Bxf5 32. Bxf5 Rxf5 33. Re7+ Rf7 34. Rxf7+ Kxf7 35. f4 Ne6 36. Rxh7+ Ng7 37. Kc2 Kg6 38. Rh8 a6 39. Rb8 b5 40. Rb6 Kf5 41. Rxd6 Kxf4 42. Rxa6 Ke4 43. Rb6 Nf5 44. Rxb5 1-0

[Event "Dimitrovgrad-ch"]
[Site "Dimitrovgrad"]
[Date "2009.??.??"]
[Round "3"]
[White "Abbasov, Orudj"]
[Black "Sychov, Vladimir"]
[Result "0-1"]
[WhiteElo "1700"]
[BlackElo "1625"]
[PlyCount "113"]
[EventDate "2009.08.??"]
[EventType "swiss"]
[EventRounds "9"]
[EventCountry "RUS"]
[SourceTitle "EXT 2012"]
[Source "ChessBase"]
[SourceDate "2011.11.24"]
[SourceVersion "1"]
[SourceVersionDate "2011.11.24"]
[SourceQuality "1"]

1. e4 Nc6 2. Nf3 d6 3. d4 Bg4 4. Be3 h6 5. c3 a6 6. h3 Bxf3 7. Qxf3 e6 8. Bd3 Qf6 9. Qe2 g5 10. Nd2 Bg7 11. Nb3 Qe7 12. Qd2 Nf6 13. f4 gxf4 14. Bxf4 Nh5 15. Qf2 Qf6 16. Rf1 Nxf4 17. Qxf4 Qxf4 18. Rxf4 0-0 19. Rf3 Rae8 20. Kd2 b5 21. g4 Ra8 22. h4 b4 23. Raf1 a5 24. Nc1 Rab8 25. Kc2 a4 26. g5 hxg5 27. hxg5 Na5 28. a3 c5 29. dxc5 dxc5 30. cxb4 cxb4 31. R3f2 bxa3 32. bxa3 Bb2 33. g6 Rfc8+ 34. Kd2 Bxc1+ 35. Rxc1 Rxc1 36. gxf7+ Kf8 37. Kxc1 Rb7 38. Bc2 Rc7 39. Kb1 Rb7+ 40. Ka2 Nb3 41. Bxb3 Rxb3 42. Rf6 Rb6 43. e5 Ra6 44. Rf4 Ra5 45. Re4 Kxf7 46. Kb2 Kg6 47. Kc3 Kf5 48. Kd4 Rd5+ 49. Ke3 Rxe5 50. Rxe5+ Kxe5 51. Kd3 Kf4 52. Kc4 e5 53. Kb4 e4 54. Kxa4 e3 55. Kb5 e2 56. a4 e1Q 57. a5 0-1

[Event "Dimitrovgrad-ch"]
[Site "Dimitrovgrad"]
[Date "2009.??.??"]
[Round "9"]
[White "Sychov, Vladimir"]
[Black "Tarasov, Vladimir N"]
[Result "0-1"]
[WhiteElo "1625"]
[BlackElo "2190"]
[PlyCount "104"]
[EventDate "2009.08.??"]
[EventType "swiss"]
[EventRounds "9"]
[EventCountry "RUS"]
[SourceTitle "EXT 2012"]
[Source "ChessBase"]
[SourceDate "2011.11.24"]
[SourceVersion "1"]
[SourceVersionDate "2011.11.24"]
[SourceQuality "1"]

1. e4 c5 2. d3 d6 3. Be2 b6 4. Nf3 Bb7 5. Be3 Nd7 6. 0-0 Ngf6 7. h3 g6 8. Nh2 Bg7 9. c3 0-0 10. f4 e6 11. Bf3 Rc8 12. Nd2 Ba6 13. b3 Bxd3 14. Re1 Ba6 15. Rc1 Bb7 16. c4 Qc7 17. Bf2 Rfd8 18. g4 Ne8 19. Bh4 Bd4+ 20. Kg2 f6 21. Bg3 Kg7 22. Rh1 a6 23. Qe2 Bc6 24. Rcf1 b5 25. h4 Nb6 26. Rc1 Qb7 27. Kh3 bxc4 28. bxc4 Qa8 29. Rb1 Na4 30. Qd3 Nc7 31. a3 Rb8 32. Nb3 e5 33. f5 Nc3 34. Rb2 Nxe4 35. Re2 Nxg3 36. Kxg3 Bxf3 37. Nxf3 Re8 38. Rhe1 Qc6 39. Nbxd4 cxd4 40. g5 Rf8 41. fxg6 hxg6 42. Rh1 Ne6 43. Reh2 Nf4 44. Qc2 Nh5+ 45. Kf2 Rbc8 46. Rc1 fxg5 47. Qd3 g4 48. Ke1 Rxf3 49. Qc2 d3 50. Qd2 Qe4+ 51. Re2 dxe2 52. Qxe2 Re3 0-1

[Event "Dimitrovgrad op"]
[Site "Dimitrovgrad"]
[Date "2008.08.07"]
[Round "4"]
[White "Sychov, Vladimir"]
[Black "Abbasov, Orudj"]
[Result "0-1"]
[WhiteElo "1652"]
[BlackElo "1702"]
[PlyCount "32"]
[EventDate "2008.08.05"]
[EventType "swiss"]
[EventRounds "9"]
[EventCountry "RUS"]
[SourceTitle "EXT 2022"]
[Source "ChessBase"]
[SourceDate "2021.10.06"]
[SourceVersion "1"]
[SourceVersionDate "2021.10.06"]
[SourceQuality "1"]

1. e4 e5 2. d3 Nf6 3. h3 d5 4. Bg5 dxe4 5. Bxf6 Qxf6 6. dxe4 Bc5 7. Qf3 Qg5 8. Ne2 0-0 9. Nbc3 Rd8 10. Rd1 Rxd1+ 11. Nxd1 Nc6 12. c3 Be6 13. b4 Rd8 14. Ne3 Nxb4 15. Qg3 Nc2+ 16. Nxc2 Qd2# 0-1